面積に対する駅数が多い/少ない市町村 - Statistics

General Stats
  • This quiz has been taken 80 times
  • The average score is 12 of 40
Answer Stats
都道府県 市町村 駅数 面積 駅密度 % Correct
大阪府 大阪市 219 225.34 1.029
91%
愛知県 名古屋市 156 326.46 2.093
81%
神奈川県 川崎市 56 142.96 2.553
73%
岐阜県 高山市 6 2177.61 362.935
72%
東京都 調布市 9 21.58 2.398
49%
千葉県 浦安市 7 17.25 2.464
49%
東京都 立川市 13 24.36 1.874
45%
東京都 府中市 14 29.43 2.102
45%
大阪府 東大阪市 27 61.78 2.288
43%
大阪府 吹田市 14 36.09 2.578
40%
北海道 夕張市 1 763.07 763.070
37%
大阪府 門真市 5 12.3 2.460
34%
北海道 上川町 1 1049.47 1049.470
34%
大阪府 守口市 5 12.71 2.542
33%
北海道 斜里町 2 737.13 368.565
33%
北海道 新得町 1 1063.83 1063.830
31%
神奈川県 鎌倉市 16 39.66 2.479
30%
北海道 むかわ町 1 711.36 711.360
30%
北海道 士別市 3 1119.22 373.073
27%
和歌山県 田辺市 3 1026.89 342.297
27%
東京都 福生市 4 10.16 2.540
24%
京都府 向日市 3 7.72 2.573
22%
愛知県 清須市 10 17.35 1.735
21%
大阪府 高石市 6 11.3 1.883
21%
東京都 東村山市 9 17.14 1.904
21%
岩手県 岩泉町 1 992.36 992.360
21%
北海道 美深町 1 672.09 672.090
19%
福岡県 粕屋町 6 14.13 2.355
18%
奈良県 王寺町 3 7.01 2.337
16%
北海道 美幌町 1 438.41 438.410
16%
北海道 厚真町 1 405.38 405.380
16%
青森県 七戸町 1 337.23 337.230
15%
宮城県 気仙沼市 1 332.44 332.440
15%
山形県 尾花沢市 1 372.53 372.530
13%
栃木県 大田原市 1 354.36 354.360
13%
奈良県 三宅町 2 4.06 2.030
12%
北海道 共和町 1 304.92 304.920
10%
岩手県 住田町 1 334.84 334.840
9%
和歌山県 有田川町 1 351.84 351.840
7%
和歌山県 日高川町 1 331.59 331.590
4%
No matching quizzes found
Score Distribution
Percent of People with Each Score
Percentile by Number Answered
Your Score History
You have not taken this quiz